Charity disposal (Record no. 118480)

MARC details
000 -LEADER
fixed length control field 01270cam a2200277 4500
001 - CONTROL NUMBER
control field ABS68669
008 - FIXED-LENGTH DATA ELEMENTS--GENERAL INFORMATION
fixed length control field 050119n2004 000 0 eng u
035 ## - SYSTEM CONTROL NUMBER
System control number (Sirsi) u128543
100 ## - MAIN ENTRY--PERSONAL NAME
Personal name Collett, A.
245 ## - TITLE STATEMENT
Title Charity disposal
260 ## - PUBLICATION, DISTRIBUTION, ETC.
Date of publication, distribution, etc. 2004
490 ## - SERIES STATEMENT
Series statement Solicitors' Journal
Volume/sequential designation 148(48) 17 December 2005, 1448(1)
520 ## - SUMMARY, ETC.
Summary, etc. Discusses ss36-39 of the Charities Act 1993. This Act was introduced to reduce the requirement for individual charity commission orders on disposals enforced by the Charities Act 1992. These sections require charity trustees disposal of interest in land either to comply with the self certification requirements and procedures thereby introduced, or to obtain a charity commission order for disposal. Mentions problem areas such as the definition of charity trustees for the purposes of these sections and the identification of the occasions, which ss36-37 apply.
590 ## - LOCAL NOTE (RLIN)
Local note ABS
590 ## - LOCAL NOTE (RLIN)
Local note ABS
650 ## - SUBJECT ADDED ENTRY--TOPICAL TERM
Topical term or geographic name entry element CHARITIES ACT 1993 S36
650 ## - SUBJECT ADDED ENTRY--TOPICAL TERM
Topical term or geographic name entry element CHARITIES ACT 1993 S37
650 ## - SUBJECT ADDED ENTRY--TOPICAL TERM
Topical term or geographic name entry element CHARITIES ACT 1993 S38
650 ## - SUBJECT ADDED ENTRY--TOPICAL TERM
Topical term or geographic name entry element CHARITIES ACT 1993 S39
650 ## - SUBJECT ADDED ENTRY--TOPICAL TERM
Topical term or geographic name entry element CHARITIES ACT 1992
650 ## - SUBJECT ADDED ENTRY--TOPICAL TERM
Topical term or geographic name entry element DISPOSAL OF LAND
650 ## - SUBJECT ADDED ENTRY--TOPICAL TERM
Topical term or geographic name entry element CHARITY LAND
650 ## - SUBJECT ADDED ENTRY--TOPICAL TERM
Topical term or geographic name entry element TRUSTEES
690 ## - LOCAL SUBJECT ADDED ENTRY--TOPICAL TERM (OCLC, RLIN)
Topical term or geographic name as entry element PROPERTY AND LAND LAW
942 ## - ADDED ENTRY ELEMENTS (KOHA)
Suppress in OPAC 0
Holdings
Withdrawn status Lost status Source of classification or shelving scheme Damaged status Not for loan Home library Current library Shelving location Date acquired Total Checkouts Full call number Barcode Date last seen Copy number Price effective from Koha item type
    Dewey Decimal Classification     London London Journal article 01/02/2005   ABS68669 128543-1001 06/08/2019 1 06/08/2019 Journal article